000 00469nam a22001817a 4500
005 20230112115736.0
008 200517b xxu||||| |||| 00| 0 eng d
020 _a9788123926292
041 _aeng
082 _a615.8 AYY
100 _aAYYAGARI, RAGHU RAM
_95420
245 _aPANCHAKARMA PRACTICAL MANUAL
250 _a1'ST
260 _aNew Delhi
_bCBS Publishers and distributors
_c2015
300 _a134,xii
650 _aPharmacy
_xB.PHARMA
_97083
942 _cBK
999 _c6226
_d6224